ბათუმის შოთა რუსთაველის სახელმწიფო უნივერსიტეტის ბიბლიოთეკა

ქალები ბიბლიოთეკიდან = Women from the Library : (ბიბ.ჩანაწერი № 63681)

000 -ლიდერი
ფიქსირებული სიგრძის საკონტროლო ველი 01972nam a22002417a 4500
003 - საკონტროლო ნომრის იდენტიფიკატორი
საკონტროლო ველი Ge_BSU
005 - ბოლო ოპერაციის თარიღი და დრო
საკონტროლო ველი 20251208162148.0
008 - ფიქსირებული სიგრძის მონაცემთა ელემენტები - ზოგადი ინფორმაცია
ფიქსირებული სიგრძის საკონტროლო ველი 251208s2022 ge ||||| |||| 00| 0 geo d
020 ## - წიგნის საერთაშორისო სტანდარტული ნომერი
International Standard Book Number 9789941977770
041 ## - ენის კოდი
Language code of text/sound track or separate title geo
080 ## - უნივერსალური ათობითი კლასიფიკაციის ინდექსი
Universal Decimal Classification number 02-055.2(479.22) ჯ-14
100 ## - მთავარი ჩანაწერი - პიროვნების სახელი
Personal name ჯავახიშვილი, კატო
9 (RLIN) 26388
245 ## - ცნობა სათაურის შესახებ
Title ქალები ბიბლიოთეკიდან = Women from the Library :
Remainder of title [ალბომი] /
Statement of responsibility, etc ალბომზე მუშაობდნენ: კატო ჯავახიშვილი, სალომე ჭანტურიძე, მირიან ხოსიტაშვილი, მარინა ჭყონია.
264 ## - წარმოების, გამოცემის, დისტრიბუციის და სხვა ცნობები
გამოცემის, წარმოების, დისტრიბუციის... ადგილი თბილისი :
გამოცემის, წარმოების, დისტრიბუციის... სახელწოდება საქართველოს პარლამენტის ეროვნული ბიბლიოთეკა,
გამოცემის, წარმოების, დისტრიბუციის... თარიღი 2022.
300 ## - ფიზიკური აღწერა
Extent 84 გვ. :
Other physical details ფოტ. ;
Dimensions 28 სმ.
500 ## - ზოგადი შენიშვნა
General note გარეკანზე: ქართველთა შორის წერა-კითხვის გამავრცელებელი საზოგადოების ბიბლიოთეკის წესი. დოკუმენტი დაცულია საქართველოს ეროვნულ არქივში.
თავფურცელი, გარეკანი და ტექსტი ქართულ და ინგლისურ ენებზე.
653 ## - INDEX TERM--UNCONTROLLED
Uncontrolled term ქართველი ბიბლიოთეკარი ქალები.
700 ## - ADDED ENTRY--PERSONAL NAME
Personal name ჭანტურიძე, სალომე
Relator term შემდგენელი
9 (RLIN) 14483
700 ## - ADDED ENTRY--PERSONAL NAME
Personal name ხოსიტაშვილი, მირიან
Relator term შემდგენელი
9 (RLIN) 26389
700 ## - ADDED ENTRY--PERSONAL NAME
Personal name ჭყონია, მარინა
Relator term შემდგენელი
9 (RLIN) 5670
700 ## - ADDED ENTRY--PERSONAL NAME
Personal name Javakhishvili, Kato
Relator term შემდგენელი
9 (RLIN) 26390
942 ## - ADDED ENTRY ELEMENTS (KOHA)
Source of classification or shelving scheme
Koha item type წიგნი
ეგზემპლარები
ჩამოწერის სტატუსი დაკარგული ეგზემპლარის სტატუსი კლასიფიკაციის წყარო ან თაროზე გაწყობის სქემა დაზიანების სტატუსი არ გაიცემა მუდმივი მდებარეობა (დაცვის ადგილი) ამჟამინდელი ადგილსამყოფელი თაროზე განთავსების ადგილი შეძენის თარიღი ღირებულება, შესყიდვის ნორმალური ფასი სრული შენახვის შიფრი შტრიხკოდი ბოლო ოპერაციის თარიღი ეგზემპლარის მიმდევრობითი ნომერი (კეტერი?) Uniform Resource Identifier ფასის ძალაში შესვლის თარიღი ეგზემპლარის სახეობა საჯარო შენიშვნა
          ბათუმის შოთა რუსთაველის სახელმწიფო უნივერსიტეტის მთავარი ბიბლიოთეკა ბათუმის შოთა რუსთაველის სახელმწიფო უნივერსიტეტის მთავარი ბიბლიოთეკა წიგნსაცავი 2025-12-08 10.00 02-055.2(479.22) ჯ-14 73230 2025-12-08 73230 საქართველოს ეროვნული ბიბლიოთეკა (ნაჩუქარი) 2025-12-08 წიგნი 10 ლ.